<?xml version="1.0" encoding="UTF-8"?>
<record
    xmlns:xsi="http://www.w3.org/2001/XMLSchema-instance"
    xsi:schemaLocation="http://www.loc.gov/MARC21/slim http://www.loc.gov/standards/marcxml/schema/MARC21slim.xsd"
    xmlns="http://www.loc.gov/MARC21/slim">

  <leader>00746nam a2200229   4500</leader>
  <controlfield tag="001">2789</controlfield>
  <controlfield tag="005">20181127165821.0</controlfield>
  <datafield tag="010" ind1="0" ind2="0">
    <subfield code="a"></subfield>
  </datafield>
  <datafield tag="020" ind1="0" ind2="0">
    <subfield code="a"></subfield>
  </datafield>
  <datafield tag="090" ind1="0" ind2="0">
    <subfield code="a">346.06622 R8884c  2000</subfield>
  </datafield>
  <datafield tag="100" ind1="0" ind2="0">
    <subfield code="a">Royal Government of Bhutan.</subfield>
  </datafield>
  <datafield tag="245" ind1="0" ind2="0">
    <subfield code="a">The Companies Act of the Kingdom of Bhutan /</subfield>
    <subfield code="b"></subfield>
    <subfield code="c">Royal Government of Bhutan.</subfield>
    <subfield code="h"></subfield>
  </datafield>
  <datafield tag="250" ind1="0" ind2="0">
    <subfield code="a"></subfield>
  </datafield>
  <datafield tag="260" ind1="0" ind2="0">
    <subfield code="a">N.p. :</subfield>
    <subfield code="b">N.p,</subfield>
    <subfield code="c">2000.</subfield>
  </datafield>
  <datafield tag="300" ind1="0" ind2="0">
    <subfield code="a">127 p.</subfield>
  </datafield>
  <datafield tag="500" ind1="0" ind2="0">
    <subfield code="a">Electronic copy available on RTC Cloud in "Library" folder</subfield>
  </datafield>
  <datafield tag="590" ind1=" " ind2=" ">
    <subfield code="a">Spiral-bound xerographic copy</subfield>
  </datafield>
  <datafield tag="650" ind1="0" ind2="0">
    <subfield code="a"></subfield>
    <subfield code="x"></subfield>
  </datafield>
  <datafield tag="650" ind1="0" ind2="0">
    <subfield code="a">Bhutan. Companies Act, 2000.</subfield>
    <subfield code="x"></subfield>
  </datafield>
  <datafield tag="650" ind1="0" ind2="0">
    <subfield code="a">Corporation law --Bhutan.</subfield>
    <subfield code="x"></subfield>
  </datafield>
  <datafield tag="856" ind1=" " ind2=" ">
    <subfield code="a"></subfield>
    <subfield code="u">http://www.dit.gov.bt/sites/default/files/CompaniesAct2000.pdf</subfield>
    <subfield code="y">The Companies Act of the Kingdom of Bhutan</subfield>
    <subfield code="z"></subfield>
    <subfield code="3"></subfield>
  </datafield>
  <datafield tag="999" ind1=" " ind2=" ">
    <subfield code="c">2237</subfield>
    <subfield code="d">2237</subfield>
  </datafield>
  <datafield tag="952" ind1=" " ind2=" ">
    <subfield code="0">0</subfield>
    <subfield code="1">0</subfield>
    <subfield code="2">ddc</subfield>
    <subfield code="4">0</subfield>
    <subfield code="7">0</subfield>
    <subfield code="8">Binding</subfield>
    <subfield code="a">RTCLIB</subfield>
    <subfield code="b">RTCLIB</subfield>
    <subfield code="c">Binder</subfield>
    <subfield code="d">2023-03-18</subfield>
    <subfield code="h"> </subfield>
    <subfield code="i">5058</subfield>
    <subfield code="l">1</subfield>
    <subfield code="o">346.06 COM</subfield>
    <subfield code="p">30003948</subfield>
    <subfield code="r">2023-06-29 00:00:00</subfield>
    <subfield code="s">2023-03-18</subfield>
    <subfield code="w">2018-11-27</subfield>
    <subfield code="y">BINDER</subfield>
    <subfield code="z">Bound xerographic copy</subfield>
  </datafield>
</record>
